| 000 | 00689nam a22001697a 4500 | ||
|---|---|---|---|
| 008 | 090709t xxu||||| |||| 00| 0 eng d | ||
| 020 | _a8185749736 | ||
| 082 |
_221 _a660.076 _bMEH |
||
| 100 | 1 |
_aMehta, Vipin Kr. _97823 |
|
| 245 |
_aQuestion bank in chemical engineering / _bVipin Kr. Mehta. |
||
| 260 |
_aDelhi : _bS. K. Kataria, _c2000. |
||
| 300 |
_a751 p. : _bill.; _c20 cm. |
||
| 650 | 0 |
_aChemical engineering _x Problems, exercises, etc. _97824 |
|
| 650 | 0 |
_aChemical engineering _xExaminations, questions, etc. _97825 |
|
| 942 |
_2ddc _cBB |
||
| 999 |
_c12278 _d12278 |
||